Guess the Pokémon (Ultra Beasts) - Statistics

General Stats
  • This quiz has been taken 13 times
  • The average score is 10 of 11
Answer Stats
Type Evolution UB File Ultra Beast Zone Answer % Correct
Bug-Fighting None UB-02 Ultra Jungle Buzzwole
100%
Dark-Dragon None UB-05 Ultra Ruin Guzzlord
100%
Poison Poipole -> [blank] UB Stinger N/A Naganadel
92%
Bug-Fighting None UB-02 Ultra Desert Pheromosa
92%
Poison [blank] -> Naganadel UB Adhesive N/A Poipole
92%
Rock-Steel None UB Assembly N/A Stakataka
92%
Electric None UB-03 Ultra Plant Xurkitree
92%
Fire-Ghost None UB Burst N/A Blacephalon
83%
Grass-Steel None UB-04 Ultra Forest Kartana
83%
Rock-Poison None UB-01 Ultra Deep Sea Nihilego
83%
Steel-Flying None UB-04 Ultra Crater Celesteela
75%
No matching quizzes found
Score Distribution
Percent of People with Each Score
Percentile by Number Answered
Your Score History
You have not taken this quiz